Guess the Singer of these Vocaloid Songs - Click Quiz - Statistics

General Stats
  • This quiz has been taken 30 times
  • The average score is 7 of 20
Answer Stats
Hint Answer % Correct
Double Lariat Megurine Luka
50%
Charles vflower
50%
'Cause I'm a Liar Fukase
46%
●utlaws Kasane Teto
46%
Lose the Princess Hatsune Miku
42%
Lavie Kagamine Len
42%
ELECTRIC WEEKEND ZONE KAITO
42%
Ojisan Style Text Ui
42%
Dance Delightful Adachi Rei
38%
Love Taste GUMI
38%
Chururira Chururira Daddadda! Yuzuki Yukari
38%
Vocalo-Colosseum Kagamine Rin
33%
Secrets of Wysteria Oliver
33%
every day Momone Momo
29%
Affection Addiction POPY
29%
Hanataba KAFU
25%
Baby My Phone AVANNA
21%
Alice in Freezer IA
21%
Hydrangea Kaai Yuki
17%
. Uta Utane
17%
No matching quizzes found
Score Distribution
Percent of People with Each Score
Percentile by Number Answered
Your Score History
You have not taken this quiz